La viabilidad de la integración del Caribe /
Sparad:
| Huvudupphovsman: | |
|---|---|
| Materialtyp: | Text |
| Ämnen: | |
| Taggar: |
Lägg till en tagg
Inga taggar, Lägg till första taggen!
|
MARC
| LEADER | 00000 a a2200000 04500 | ||
|---|---|---|---|
| 001 | 43621 | ||
| 003 | |||
| 040 | |||
| 100 | |a Cárdenas, Osvaldo | ||
| 245 | |a La viabilidad de la integración del Caribe / |c Osvaldo Cárdenas | ||
| 650 | |a INTEGRACION REGIONAL | ||
| 650 | |a CARIBE | ||
| 650 | |a SUBDESARROLLO | ||
| 650 | |a DEPENDENCIA ECONOMICA | ||
| 773 | |g volumen10, número30 ( , 1981), páginas 33-48 | ||
| 999 | |c 29846 |d 29846 | ||
| 773 | 0 | |0 18875 |9 5340 |a Universidad de Costa Rica. |d San José, Costa Rica: Universidad de Costa Rica. Consejo Superior Universitario Centroamericano, 1972- |o 14641 |t Estudios Sociales Centroamericanos / |x 03039676 | |
